Представление документа в формате RUSMARC

ПолеНазваниеЗначение
  Тип записи c
  Библиографический уровень m
001 Контрольный номер RU/УОНБ/EK_N/604598980
005 Дата корректировки 20250220154633.4
010 Индекс ISBN __
9 Тираж 200 экз.
013 Номер (ISMN) __
a Номер (ISMN) 979-0-66004-587-9
d Цена 132 р.
071 Издательские номер (звукозапись и ноты) 21
a Номер, присвоенный агентством 4587
100 Данные общей обработки __
a Данные общей обработки 20190227d2007 u y0rusy0189||||ca
101 Язык документа 0_
a Язык текста rus
a Язык текста eng
f Язык титульного листа rus
f Язык титульного листа eng
102 Страна публикации __
a Страна публикации RU
105 Кодированные данные (монография) __
a Кодированные данные (монография) y###||||000|y
125 Кодированные данные звукозаписи и нотных изданий __
a Форма изложения нотного текста с|
128 Кодированные данные (звукозаписи-физические характеристики) __
a Кодированные данные: Музыкальная форма и тональность или лад zz
b Инструменты или голоса, необходимые для ансамблей (устаревшее) ka||
200 Заглавие и сведения об ответственности 1_
a Заглавие [Вып.] 2
210 Выходные данные 1_
d Дата издания 2007
215 Физическое описание __
a Объем 35 с.
327 Примечание о содержании 11
a Примечание о содержании Содерж. : Шнейдер М. Г. Благодарю тебя : бит. - Мальмеен Г. Роковая самба. - Маевский Ю. Вальс из прошлого. - Родригес Х. М. Кумпарсита : танго. - Бернард Ф. Зимняя страна чудес : босса-нова. - Синкопированный ритм : Паркер Р.-Чарлз Х. Последний вечер. - Сложные смешанные ритмы : Полторацкий В. Сувенир.
461 Уровень набора _0
1 001RU/УОНБ/EK_N/604597860
1 200
a Забавные ритмы
b Ноты
d Funny Rhythms
e весёлые пьесы для фп. в 4 руки
f [предисл. и] перелож. Ю. Маевского
z eng
v [Вып.] 2
1 210
a СПб.
c Композитор
d 2007
464 Аналитический уровень _0
1 2001
a Благодарю тебя
e бит
1 700 1
a Шнейдер
b М. Г.
464 Аналитический уровень _0
1 2001
a Роковая самба
1 700 1
a Мальмеен
b Г.
464 Аналитический уровень _0
1 2001
a Вальс из прошлого
1 700 1
a Маевский
b Ю.
464 Аналитический уровень _0
1 2001
a Кумпарсита
e танго
1 700 1
a Родригес
b Х. М.
464 Аналитический уровень _0
1 2001
a Зимняя страна чудес
e босса-нова
1 700 1
a Бернард
b Ф.
464 Аналитический уровень _0
1 2001
a Последний вечер
1 700 1
a Паркер
b Р.
1 701 1
a Чарлз
b Х.
464 Аналитический уровень _0
1 2001
a Сувенир
1 700 1
a Полторацкий
b В.
512 Заглавие обложки 1_
a Заглавие обложки Забавные ритмы
606 Тематические рубрики 0_
a Основная рубрика Фортепианные ансамбли
x Основная подрубрика Переложения
610 Ключевые слова 0_
a Ключевые слова фортепианные ансамбли
610 Ключевые слова 0_
a Ключевые слова переложения
686 Индексы других классификаций __
a Классификационный индекс 85.952.425.4-09я43
2 Код системы rubbk
801 Источник записи _0
a Страна RU
b Организация Ульяновская ОНБ
c Дата составления 20190227
g Правила каталогизации RCR
801 Источник записи _1
a Страна RU
b Организация Ульяновская ОНБ
c Дата составления 20190227
g Правила каталогизации RCR
901 Тип документа __
t Тип документа n
w Контрольный № источника RU/УОНБ/EK_N/604597860
909 Создатель записи __
a Создатель записи Лобина Л. И.
910 Корректоры записи __
a Корректор записи Васина
938 Служебная информация __
a Имя БД noti
b Имя библиотеки УОНБ
c Имя АИБС МАРК-SQL
d Номер DOC_ID в БД 20137